Apuntes para la Historia del Liceo de La Serena. 1821-1900
Zapisane w:
| 1. autor: | |
|---|---|
| Format: | Książka |
| Język: | hiszpański |
| Wydane: |
La Serena
Imprenta de El Comercio
1903
|
| Wydanie: | 1a. ed |
| Hasła przedmiotowe: | |
| Etykiety: |
Dodaj etykietę
Nie ma etykietki, Dołącz pierwszą etykiete!
|
MARC
| LEADER | 00000nam a2200000 a 4500 | ||
|---|---|---|---|
| 001 | UCJ7831 | ||
| 003 | CL-VaPUC | ||
| 008 | 070124e19030000CL |||||||||||||||||spa|d | ||
| 082 | 0 | 4 | |a 983 |b VER |2 21 |
| 100 | 0 | |a Vera Yanattiz, Abraham |e author |9 516285 | |
| 245 | 1 | 0 | |a Apuntes para la Historia del Liceo de La Serena. 1821-1900 |
| 250 | |a 1a. ed | ||
| 300 | |a 156 p | ||
| 942 | |c BK | ||
| 945 | |d 20070124 00:00:00 |a rinostro | ||
| 260 | |a La Serena |b Imprenta de El Comercio |c 1903 | ||
| 600 | 0 | 7 | |a LICEO DE LA SERENA |2 CL-VaPUC |9 516286 |
| 600 | 0 | 7 | |a ARVIÑA, JUAN ANTONIO |2 CL-VaPUC |9 516287 |
| 600 | 0 | 7 | |a VALLEJOS, JOSE JOAQUIN |2 CL-VaPUC |9 373399 |
| 600 | 0 | |a Domeyko, Ignacio |9 326006 | |
| 600 | 0 | 7 | |a ZENTENO, TOMAS |2 CL-VaPUC |9 516288 |
| 600 | 0 | 7 | |a GORROÑO, PEDRO JOSE |2 CL-VaPUC |9 516289 |
| 650 | 0 | |a Historia de Chile |9 265473 | |
| 650 | 0 | |a Historia local |9 266584 | |
| 650 | 0 | |a Educación |9 258661 | |
| 650 | 7 | |a MEMORIAS |2 CL-VaPUC |9 269159 | |
| 651 | 0 | |a La Serena |9 313924 | |
| 583 | |a last modification |c 20070124 00:00:00 |k Rodrigo Vera | ||
| 999 | |c 323731 |d 323729 | ||
| 952 | |0 0 |1 0 |4 0 |6 983_000000000000000_VER_1903 |7 0 |8 X |9 403508 |a FDOBUD |b FDOBUD |d 2019-11-22 |i 1069306 |o 983 VER 1903 |p 1069306 |r 2019-11-22 |w 2019-11-22 |y BK_X |k BUD | ||